| 000 | 00756nam a22002417a 4500 | ||
|---|---|---|---|
| 001 | 00260 | ||
| 003 | DO-SdBNP | ||
| 005 | 20180131104614.0 | ||
| 008 | 151124b 195-? sp xxu||||| |||| 00| 0 spa d | ||
| 040 |
_aBPMSU _bspa _cBPMSU |
||
| 092 |
_axxxxx _bxxxxx |
||
| 100 | 1 |
_aVerne, Jules, _d1828-1905. |
|
| 245 | 1 | 0 |
_aLa isla misteriosa / _cJulio Verne ; adaptación de Manuel Rossell Pasant ; portada e ilustraciones Fariñas. |
| 260 |
_aBarcelona : _bImprenta Pulcra, _c[195-?] |
||
| 300 |
_a319 p. ; _c20 cm. |
||
| 490 | 1 |
_aJuvenil cadete _v47 |
|
| 700 | 1 | 2 |
_aRossell Pesant, Manuel, _ctr. |
| 830 | 0 |
_aJuvenil cadete ; _n47 |
|
| 910 | _a00260 | ||
| 942 |
_2ddc _cBK |
||
| 945 | _aInventariado extraviado / 2018 VM | ||
| 956 |
_aLorenza Pérez _b10 |
||
| 999 |
_c8889 _d8889 |
||